Normal view
MARC view
- Christian fiction.
Entry Genre/Form Term
001 - CONTROL NUMBER
- control field: 8056
003 - CONTROL NUMBER IDENTIFIER
- control field: NUST
005 - DATE AND TIME OF LATEST TRANSACTION
- control field: 20180105094542.0
008 - FIXED-LENGTH DATA ELEMENTS
- fixed length control field: 180105|| aca||aabn | a|a d
040 ## - CATALOGING SOURCE
- Original cataloging agency: NUST
- Transcribing agency: NUST
155 ## - HEADING--GENRE/FORM TERM
- Genre/form term: Christian fiction.
670 ## - SOURCE DATA FOUND
- Source citation: Work cat.: (NUST)0: Hoff, B. J., 1940- 8054, Land of a thousand dreams /, 1992.
